000 00519nam a2200169 i 4500
001 65570
003 ES-MaACL
007 t|
008 040116s1953 sp ||||1| spa d
100 1 _aFriend, Oscar Jerome.
_952658
245 1 3 _aEl halcón del Mississipi /
_cOscar J. Friend ; [traducción directa y completa de Luis Conde Vélez].
250 _a1ª ed.
260 _aBarcelona :
_bBruguera,
_c[1953]
300 _a219 p. ;
_c20 cm.
700 1 _aConde Vélez, Luis.
_940133
852 _aES-MaACL
_jC-7885
_bR.34072
999 _c65570
_d65570